Professional liability and indemnity (sound recording) (Record no. 85291)
[ view plain ]
| 000 -LEADER | |
|---|---|
| fixed length control field | 01086cgm a2200265 4500 |
| 001 - CONTROL NUMBER | |
| control field | B3201 |
| 008 - FIXED-LENGTH DATA ELEMENTS--GENERAL INFORMATION | |
| fixed length control field | 090401t1987 xxu||||| |||| 00| 0 eng d |
| 035 ## - SYSTEM CONTROL NUMBER | |
| System control number | (Sirsi) u54682 |
| 041 ## - LANGUAGE CODE | |
| Language code of text/sound track or separate title | eng |
| 050 ## - LIBRARY OF CONGRESS CALL NUMBER | |
| Classification number | 346.41032 |
| 100 ## - MAIN ENTRY--PERSONAL NAME | |
| Personal name | Oddy, Ian |
| 245 ## - TITLE STATEMENT | |
| Title | Professional liability and indemnity (sound recording) |
| 260 ## - PUBLICATION, DISTRIBUTION, ETC. | |
| Place of publication, distribution, etc. | London |
| Name of publisher, distributor, etc. | Royal Institution of Chartered Surveyors |
| Date of publication, distribution, etc. | 1987 |
| 300 ## - PHYSICAL DESCRIPTION | |
| Extent | 1 sound cassette (60 min). |
| 350 ## - PRICE (NR) (BK AM CF MU VM SE) [OBSOLETE] | |
| Price | 10 |
| 490 ## - SERIES STATEMENT | |
| Series statement | Owlion Audio Programme |
| Volume/sequential designation | Tapes. |
| 520 ## - SUMMARY, ETC. | |
| Summary, etc. | Published jointly with the College of Estate Management . This programme deals with the question of insurance in respect of the subject, analyses the Latent Damage Act 1986, considers the possibility of material damage policies, defending claims in respect of negligence and breach of contract and looks into relative merits of master policies and mutual funds. |
| 650 ## - SUBJECT ADDED ENTRY--TOPICAL TERM | |
| Topical term or geographic name entry element | AUDIO CASSETTES |
| 650 ## - SUBJECT ADDED ENTRY--TOPICAL TERM | |
| Topical term or geographic name entry element | LATENT DAMAGE ACT 1986 |
| 650 ## - SUBJECT ADDED ENTRY--TOPICAL TERM | |
| Topical term or geographic name entry element | PROFESSIONAL INDEMNITY INSURANCE |
| 700 ## - ADDED ENTRY--PERSONAL NAME | |
| Personal name | Kindred, Alan |
| 700 ## - ADDED ENTRY--PERSONAL NAME | |
| Personal name | Whinder, Stephen |
| 942 ## - ADDED ENTRY ELEMENTS (KOHA) | |
| Suppress in OPAC | 0 |
| 948 ## - LOCAL PROCESSING INFORMATION (OCLC); SERIES PART DESIGNATOR (RLIN) | |
| c (OCLC) | 04/03/1997 |
| Withdrawn status | Lost status | Source of classification or shelving scheme | Damaged status | Not for loan | Home library | Current library | Shelving location | Date acquired | Cost, normal purchase price | Total Checkouts | Full call number | Barcode | Date last seen | Date last checked out | Copy number | Cost, replacement price | Price effective from | Koha item type |
|---|---|---|---|---|---|---|---|---|---|---|---|---|---|---|---|---|---|---|
| Dewey Decimal Classification | London | London | Basement | 22/08/1994 | 10.00 | 20 | SHELF 330 | 30042420 | 06/08/2019 | 07/10/2003 | 1 | 10.00 | 06/08/2019 | Audio |